[Event "2016 WA Open Chess Championship"]
[Site "Nth Woodvale PS"]
[Date "2016.07.24"]
[Round "7"]
[White "Yita Choong"]
[Black "Derek Elkington"]
[WhiteElo "2331"]
[BlackElo "1954"]
[Result "1-0"]

1. d4 d5 2. c4 c6 3. Nf3 Nf6 4. e3 a6 5. b3 b5 6. Bd3 Bg4 7. O-O e6 8. Nbd2
Bd6 9. Bb2 O-O 10. Qc2 h6 11. Ne5 Bh5 12. h3 Nfd7 13. g4 Bxe5 14. dxe5 Bg6 15. Bxg6
fxg6 16. Qxg6 Qe7 17. f4 Nc5 18. Rac1 bxc4 19. bxc4 Na4 20. Bd4 Nd7 21. cxd5
cxd5 22. Rc6 Rfe8 23. Nf3 Nac5 24. Bxc5 Nxc5 25. Rc1 Ne4 26. Rc7 Qf8 27. Nd4
Re7 28. Nxe6 Qe8 29. Qxe8 Raxe8 30. Rxe7 Rxe7 31. Rc8 Kf7 32. f5 Rb7 33. Nd8 1-0

[Event "2016 WA Open Chess Championship"]
[Site "Nth Woodvale PS"]
[Date "2016.07.24"]
[Round "7"]
[White "Igor Butsenko"]
[Black "Rob Maris"]
[WhiteElo "2238"]
[BlackElo "2027"]
[Result "1-0"]

1. d4 Nf6 2. c4 e6 3. Nf3 b6 4. g3 Ba6 5. Nbd2 Bb4 6. Qa4 Qe7 7. a3 Bxd2 8. Bxd2
O-O 9. Bg2 Bb7 10. O-O d6 11. Rac1 a5 12. Rfd1 Bc6 13. Qc2 Be4 14. Qc3 Nbd7
15. h3 Rfd8 16. b4 axb4 17. axb4 c5 18. dxc5 dxc5 19. b5 e5 20. Bg5 h6 21. Bxf6
Qxf6 22. Rd2 Qe7 23. Rcd1 Bxf3 24. Qxf3 Nf6 25. Qb7 Qf8 26. Qxb6 Rxd2 27. Rxd2 1-0

[Event "2016 WA Open Chess Championship"]
[Site "Nth Woodvale PS"]
[Date "2016.07.24"]
[Round "7"]
[White "Fred Maris"]
[Black "Ramudu Rathnayake"]
[WhiteElo "1521"]
[BlackElo "1267"]
[Result "0-1"]

1. e4 e5 2. Nf3 Nf6 3. Nxe5 d6 4. Nf3 Nxe4 5. d4 Be7 6. Bd3 Nf6 7. O-O O-O 8. h3
Be6 9. c4 c6 10. Ng5 Bd7 11. Qc2 g6 12. Nc3 Nh5 13. Nf3 Na6 14. a3 Qc8 15. Bh6
Re8 16. Ne4 Bxh3 17. gxh3 Qxh3 18. Nh2 f5 19. Ng5 Bxg5 20. Bxg5 f4 21. f3 Re3
22. Bxg6 Ng3 23. Rf2 Rf8 24. Bd3 h6 25. Bxf4 Rxf4 26. Bh7 Kh8 27. Qg6 Rf8 28. Qxd6
Rf7 29. Bg6 Ne2 30. Kh1 Rfxf3 31. Rg2 Ng3 32. Kg1 Re2 33. Rxe2 Nxe2 34. Kh1
Rf2 0-1

[Event "2016 WA Open Chess Championship"]
[Site "Nth Woodvale PS"]
[Date "2016.07.24"]
[Round "7"]
[White "Alex Janceski"]
[Black "Tristan Boyd"]
[WhiteElo "1779"]
[BlackElo "2400"]
[Result "0-1"]

1. d4 Nf6 2. Nf3 g6 3. b3 Bg7 4. Bb2 O-O 5. g3 c5 6. dxc5 Na6 7. Bg2 Nxc5 8. O-O
d5 9. Nbd2 b6 10. Re1 Bb7 11. Rb1 Rc8 12. Ne5 Qc7 13. c4 Rfd8 14. b4 Nce4 15. cxd5
Nc3 16. Bxc3 Qxc3 17. Nd3 Nxd5 18. Rc1 Qa3 19. Rxc8 Bxc8 20. Bxd5 Rxd5 21. Qb3
Qxb3 22. Nxb3 Ba6 23. Kg2 e6 24. Nf4 Rd7 25. Rc1 Bb2 26. Rc2 Ba3 27. Nd3 Bxd3
28. exd3 Bxb4 29. d4 Kg7 30. f4 Be7 31. Kf3 g5 32. g4 h6 33. h3 Bf6 34. fxg5
hxg5 35. Ke4 Kg6 36. a4 Bg7 37. Rc4 Bf8 38. Nd2 Bd6 39. Nf3 Bf4 40. Nh4 Kf6
41. Nf3 Rc7 42. Nd2 Rb7 43. Nb3 Bd6 44. d5 b5 45. Rc6 bxa4 46. Nd4 Rb6 47. dxe6
Rxc6 48. Nxc6 a3 0-1

[Event "2016 WA Open Chess Championship"]
[Site "Nth Woodvale PS"]
[Date "2016.07.24"]
[Round "7"]
[White "David Ellis"]
[Black "Patrick Gong"]
[WhiteElo "2029"]
[BlackElo "2183"]
[Result "0-1"]

1. Nf3 d5 2. c4 c6 3. b3 Bf5 4. g3 e6 5. Bg2 Nf6 6. O-O h6 7. Bb2 Be7 8. d3
O-O 9. Nbd2 a5 10. a3 Bh7 11. Qc2 Na6 12. Bc3 Nd7 13. Qb2 f6 14. Bh3 Nc7 15. Nd4
f5 16. N4f3 g5 17. Ne5 c5 18. Nxd7 Qxd7 19. Be5 Bd6 20. f4 d4 21. Bxd6 Qxd6
22. Bg2 Rab8 23. Rab1 e5 24. b4 axb4 25. axb4 exf4 26. bxc5 Qe5 27. Nf3 Qe3
28. Rf2 g4 29. Nxd4 fxg3 30. hxg3 f4 31. Nc2 Qxg3 32. Qe5 Rf7 33. Rb6 Re8 34. Qd6
Ne6 35. Kf1 Bf5 36. Bd5 Qh3 37. Bg2 Qh4 38. e4 fxe3 39. Nxe3 Bxd3 40. Qxd3 Qxf2 0-1

[Event "2016 WA Open Chess Championship"]
[Site "Nth Woodvale PS"]
[Date "2016.07.24"]
[Round "7"]
[White "Tim Hare"]
[Black "Nedeljko Tomic"]
[WhiteElo "2043"]
[BlackElo "1831"]
[Result "1-0"]

1. Nf3 g6 2. g3 b6 3. Bg2 Bb7 4. O-O Bg7 5. d3 d5 6. Nbd2 Nf6 7. c4 e6 8. Rb1
a5 9. b3 O-O 10. Bb2 Nbd7 11. Qc2 c5 12. a3 d4 13. b4 Bc6 14. b5 Bb7 15. e3
e5 16. exd4 exd4 17. Rbe1 Qc7 18. Bc1 h6 19. Re2 Rae8 20. Rfe1 Rxe2 21. Rxe2
g5 22. h3 Nh7 23. Nf1 Bxf3 24. Bxf3 Ne5 25. Bg2 Ng6 26. Qd1 Be5 27. Re1 Nf6
28. Qf3 Kg7 29. Qf5 Bd6 30. a4 Ne7 31. Qf3 Kg6 32. h4 g4 33. h5 Kg7 34. Bxh6
Kxh6 35. Qxf6 Kxh5 36. Qh4 Kg6 37. Qxg4 Kh7 38. Qh5 Kg7 39. Qg5 Ng6 40. f4 Be7
41. Qd5 Bd6 42. f5 Bxg3 43. Re4 Nf4 44. Qc6 Qd8 45. f6 Qxf6 46. Qxf6 Kxf6 47. Nxg3
Nxd3 48. Nh5 Kg5 49. Ng3 Nb2 50. Bf1 f5 51. Re7 Kf6 52. Rd7 Ke5 53. Rd5 Kf4
54. Kf2 Nd1 55. Ke1 Nc3 56. Ne2 Nxe2 57. Kxe2 Kg3 58. Rd6 Rb8 59. Rg6 Kf4 60. Kd2
Rb7 61. Rf6 Ke5 62. Rf8 Re7 63. Bd3 Rg7 64. Rxf5 Ke6 65. Rf2 Rg5 66. Rh2 Kd7
67. Rh7 Kc8 68. Rh6 Rg2 69. Be2 Rg3 70. Rxb6 Ra3 71. Rc6 Kb7 72. Rxc5 Rxa4 73. Kd3
Ra3 74. Kxd4 Rh3 75. Bd3 a4 76. Be4 Kb8 77. b6 Rg3 78. Ra5 Kc8 79. b7 1-0

[Event "2016 WA Open Chess Championship"]
[Site "Nth Woodvale PS"]
[Date "2016.07.24"]
[Round "7"]
[White "Natalie Maris"]
[Black "Evan Yeung"]
[WhiteElo "1755"]
[BlackElo "1656"]
[Result "1-0"]

1. e4 c6 2. d4 d5 3. Nc3 dxe4 4. Nxe4 Nd7 5. Nf3 Ngf6 6. Ng3 Qc7 7. Bc4 e6 8. Bd2
Be7 9. Qe2 c5 10. c3 b6 11. O-O Bb7 12. Rac1 O-O 13. Rfd1 Rfe8 14. a3 a6 15. Ba2
b5 16. c4 Qb6 17. b4 cxd4 18. c5 Qc6 19. Bf4 h6 20. Qf1 e5 21. Bxe5 Ng4 22. Bxd4
Rad8 23. Bb2 Qg6 24. Bb1 Qc6 25. Nd4 Qc7 26. c6 Bxc6 27. Nxc6 1-0